000 01022nam a2200289 a 4500
003 CO-ViMGA
005 20230915233128.0
008 140929s2015 ck a br 0001j spa d
020 _a9789585910287
040 _aCO-ViMGA
_bspa
_cCO-ViMGA
043 _ae-sp---
090 _aC CARE
100 1 0 _aCarrasco, Marta
_d1940-2007
_923299
245 1 0 _aErase una vez un espacio
_ctexto e ilustraciones Marta Carrasco
250 _aEdición especial para El Ministerio de Cultura
260 _aBogotá
_bBabel
_c2015
300 _a[30] páginas
_bilustraciones
_c23 cm.
490 _aLeer es mi cuento
650 1 4 _2LEMB
_aAutores chilenos
_ySiglo XX
_924343
650 1 4 _2LEMB
_aCuentos infantiles chilenos
_ySiglo XX
_918694
650 1 4 _2LEMB
_aLiteratura infantil chilena
_ySiglo XX
_918695
650 1 4 _aColores en la literatura
_2LEMB
_92413
650 1 4 _aLibros ilustrados para niños
_2LEMB
_987
700 1 0 _aPavez Recart, Ana María
_eeditor
_924344
700 1 0 _aRecart, Constanza
_eeditor
_91303
942 _2ddc
_cBK
999 _c3980
_d3980